[Event "PRO League Pacific 2017"]
[Site "chess.com INT"]
[Date "2017.02.01"]
[Round "4"]
[White "Kavutskiy, Konstantin"]
[Black "Kiewra, Keaton F"]
[Result "0-1"]
[WhiteTitle "FM"]
[BlackTitle "IM"]
[WhiteElo "2377"]
[BlackElo "2429"]
[WhiteTeam "San Jose Hackers"]
[BlackTeam "San Diego Surfers"]
[WhiteFideId "2026384"]
[BlackFideId "2019280"]
[EventDate "2017.01.11"]

1. d4 g6 2. c4 Bg7 3. e4 e6 4. Nc3 Ne7 5. Bg5 h6 6. Bh4 d6 7. Nf3 g5 8. Bg3 f5
9. exf5 exf5 10. h3 f4 11. Bh2 O-O 12. Qd2 Nbc6 13. d5 Ne5 14. Nxe5 Bxe5 15. Bd3
Bf5 16. O-O-O c6 17. Kb1 Qa5 18. Rhe1 Rae8 19. f3 Bxc3 20. Qxc3 Qxc3 21. bxc3
Bxd3+ 22. Rxd3 Nf5 23. Re4 c5 24. Bg1 Ng3 25. Re6 Kf7 26. Bf2 Rxe6 27. dxe6+
Kxe6 28. Rd1 Nf5 29. Re1+ Kd7 30. Kc2 Re8 31. Rxe8 Kxe8 32. Kd3 Kd7 33. Ke4 Ke6
34. h4 Ng7 35. hxg5 hxg5 36. g3 fxg3 37. Bxg3 Nh5 38. Be1 Nf6+ 39. Kd3 Nd7 40.
Bd2 Kf5 41. Ke2 Ne5 42. Bc1 Nxc4 43. Kd3 Ne5+ 44. Ke2 b5 45. Bd2 a5 46. Bc1 Ng6
47. Kd3 Nf4+ 48. Kc2 c4 49. Be3 Nd5 50. Bc1 g4 51. fxg4+ Kxg4 52. Bh6 Kf3 53.
Bf8 Ne3+ 54. Kb2 d5 55. Bc5 Ke2 56. Bd4 Kd3 57. Bg7 Nd1+ 0-1

[Event "PRO League Pacific 2017"]
[Site "chess.com INT"]
[Date "2017.02.01"]
[Round "4"]
[White "Izoria, Zviad"]
[Black "Khachiyan, Melikset"]
[Result "0-1"]
[WhiteTitle "GM"]
[BlackTitle "GM"]
[WhiteElo "2604"]
[BlackElo "2530"]
[WhiteTeam "San Jose Hackers"]
[BlackTeam "San Diego Surfers"]
[WhiteFideId "13601733"]
[BlackFideId "13300512"]
[EventDate "2017.01.11"]

1. Nf3 d5 2. d4 Nf6 3. Bf4 c5 4. e3 e6 5. c3 Nc6 6. Nbd2 Bd6 7. Bg3 O-O 8. Bb5
Ne7 9. Bd3 Nf5 10. Bxf5 exf5 11. Bxd6 Qxd6 12. dxc5 Qxc5 13. O-O Re8 14. Qa4 Bd7
15. Qd4 Qc7 16. Nb3 b6 17. Qf4 Rac8 18. Qxc7 Rxc7 19. Rfd1 a5 20. Nc1 h6 21. Nd3
Ba4 22. Re1 Bb5 23. Nf4 g5 24. Nd4 Bd7 25. Nfe2 Ne4 26. Ng3 Nxg3 27. hxg3 Kg7
28. Kf1 Kg6 29. Ke2 f4 30. gxf4 gxf4 31. Kd2 fxe3+ 32. Rxe3 Rxe3 33. Kxe3 Rc8
34. f3 Kg5 35. Rd1 Re8+ 36. Kf2 h5 37. Nc2 Be6 38. Ne3 d4 39. Rxd4 Bxa2 40. c4
Rc8 41. f4+ Kg6 42. Rd6+ Kh7 43. Rxb6 Bxc4 44. Kg3 Rc5 45. f5 a4 46. Kf4 Bb3 47.
g4 hxg4 48. Nxg4 Kg7 49. Ne5 Rc2 50. f6+ Kh6 51. Rb8 Rf2+ 52. Kg3 Rxb2 53. Rg8
a3 54. Ng4+ Kh7 55. Rg7+ Kh8 56. Nh6 a2 0-1

[Event "PRO League Pacific 2017"]
[Site "chess.com INT"]
[Date "2017.02.01"]
[Round "4"]
[White "Breckenridge, Steven James"]
[Black "Zherebukh, Yaroslav"]
[Result "1/2-1/2"]
[WhiteTitle "FM"]
[BlackTitle "GM"]
[WhiteElo "2239"]
[BlackElo "2617"]
[WhiteTeam "Portland Rain"]
[BlackTeam "St Louis Arch Bishops"]
[WhiteFideId "2043700"]
[BlackFideId "14116804"]
[EventDate "2017.01.11"]

1. e4 c5 2. c3 e6 3. d4 d5 4. exd5 exd5 5. Nf3 Nc6 6. Bb5 Bd6 7. O-O Ne7 8. dxc5
Bxc5 9. Nbd2 O-O 10. Nb3 Bb6 11. Re1 Bg4 12. Be3 Bc7 13. Bc5 Re8 14. Nbd4 Bd6
15. Bxd6 Qxd6 16. Qd2 a6 17. Bd3 h6 18. Re3 Nxd4 19. Nxd4 Nc6 20. Rae1 Rxe3 21.
Qxe3 Bd7 22. Nf5 Bxf5 23. Bxf5 Kf8 24. Qb6 Rb8 25. g3 g6 26. Bh3 d4 27. Rd1 d3
28. Bg2 d2 29. Bxc6 bxc6 30. Rxd2 Rxb6 31. Rxd6 Rxb2 32. a4 Ra2 33. Rxc6 Rxa4
34. Rc7 Ra2 35. Ra7 Kg7 36. c4 Kf6 37. c5 a5 38. c6 Rc2 39. Rxa5 Rxc6 40. Kg2 h5
41. h4 Rd6 42. Rb5 Re6 43. Ra5 Rd6 44. Rb5 Rc6 45. Ra5 Rb6 46. Rc5 Ra6 47. Rb5
Rc6 48. Ra5 Rb6 49. Rc5 Ra6 50. Rb5 Rc6 1/2-1/2

[Event "PRO League Pacific 2017"]
[Site "chess.com INT"]
[Date "2017.02.01"]
[Round "4"]
[White "Breckenridge, Steven James"]
[Black "Swiercz, Dariusz"]
[Result "0-1"]
[WhiteTitle "FM"]
[BlackTitle "GM"]
[WhiteElo "2239"]
[BlackElo "2647"]
[WhiteTeam "Portland Rain"]
[BlackTeam "St Louis Arch Bishops"]
[WhiteFideId "2043700"]
[BlackFideId "1126881"]
[EventDate "2017.01.11"]

1. e4 e5 2. Nf3 Nc6 3. Bc4 Bc5 4. b4 Bxb4 5. c3 Be7 6. d4 Na5 7. Be2 d6 8. Qa4+
c6 9. dxe5 dxe5 10. Nxe5 Nf6 11. O-O O-O 12. Bf4 b5 13. Qc2 Qb6 14. Nd2 a6 15.
Rab1 Nd7 16. Nec4 Nxc4 17. Nxc4 Qa7 18. Na5 Qb6 19. Nc4 Qa7 20. Nd6 Nb6 21. Nxc8
Raxc8 22. c4 Na4 23. Rbd1 Rcd8 24. cxb5 cxb5 25. Rxd8 Rxd8 26. Rd1 Rxd1+ 27.
Bxd1 Qd7 28. h3 Nc5 29. Bg4 Qd3 30. Qxd3 Nxd3 31. Be3 Nb4 32. Bc8 a5 33. Bd7
Nxa2 34. Bxb5 Nc3 35. Bc6 Bb4 36. Bd2 Ne2+ 37. Kf1 Nd4 38. Bxb4 axb4 39. Bd5 b3
40. Ke1 b2 41. Ba2 Nc2+ 42. Kd2 Na3 43. Kc3 b1=Q 44. Bxb1 Nxb1+ 45. Kc2 Na3+ 46.
Kb3 Nb5 47. Kc4 Nc7 48. Kc5 Kf8 49. Kd6 Ne8+ 50. Ke5 Ke7 51. f4 f6+ 52. Kd5 Nc7+
53. Kc6 Ne6 54. g3 Nd4+ 55. Kd5 Ne2 56. e5 Nxg3 57. h4 Nf5 58. h5 h6 59. Ke4
Ng3+ 60. Kf3 Nxh5 61. Kg4 Nxf4 62. exf6+ Kxf6 63. Kxf4 g5+ 64. Kg4 Kg6 0-1

[Event "PRO League Pacific 2017"]
[Site "chess.com INT"]
[Date "2017.02.01"]
[Round "4"]
[White "Troff, Kayden W"]
[Black "Vovk, Andriy"]
[Result "1-0"]
[WhiteTitle "GM"]
[BlackTitle "GM"]
[WhiteElo "2511"]
[BlackElo "2633"]
[WhiteTeam "Las Vegas Desert Rats"]
[BlackTeam "Philadelphia Inventors"]
[WhiteFideId "2047896"]
[BlackFideId "14114470"]
[EventDate "2017.01.11"]

1. d4 d6 2. c4 f5 3. Nf3 Nf6 4. g3 g6 5. Bg2 Bg7 6. O-O O-O 7. b3 e5 8. dxe5
dxe5 9. Ba3 Qxd1 10. Rxd1 Re8 11. Nc3 e4 12. Nd4 c6 13. e3 Nbd7 14. Rd2 Ne5 15.
Rad1 Bf8 16. Bxf8 Kxf8 17. Nde2 Be6 18. Na4 b6 19. Rd6 Ke7 20. R6d2 Bf7 21. Kf1
Rac8 22. h3 Rc7 23. Nac3 Rb8 24. g4 Nf3 25. Bxf3 exf3 26. Nd4 fxg4 27. hxg4 Nxg4
28. Nxf3 Rf8 29. Kg2 h6 30. Ne4 Be6 31. Ng3 Rd7 32. Rxd7+ Bxd7 33. Rd4 c5 34.
Rd3 h5 35. Rd2 Bc6 36. e4 Rf4 37. Re2 Kf6 38. Ng1 h4 39. Nh3 Ke5 40. Nxf4 Kxf4
41. Nf1 Bxe4+ 42. Rxe4+ Kxe4 43. f3+ Kf4 44. fxg4 Kxg4 45. Ne3+ Kf4 46. Nd5+ Ke4
47. Ne7 g5 48. Nc8 g4 49. Nxa7 h3+ 50. Kg3 Ke3 51. Nc6 Kd3 52. Ne5+ Kc3 53. Nxg4
Kb2 54. Ne5 Kxa2 55. Nd7 Kxb3 56. Nxb6 Kb4 57. Kxh3 Ka5 58. Nd5 Ka4 59. Kg4 Kb3
60. Nb6 Kb4 61. Kf5 Ka5 62. Nd5 1-0

[Event "PRO League Pacific 2017"]
[Site "chess.com INT"]
[Date "2017.02.01"]
[Round "4"]
[White "Kiewra, Keaton F"]
[Black "Aleskerov, Faik"]
[Result "1-0"]
[WhiteTitle "IM"]
[WhiteElo "2429"]
[BlackElo "2315"]
[WhiteTeam "San Diego Surfers"]
[BlackTeam "San Jose Hackers"]
[WhiteFideId "2019280"]
[BlackFideId "13401262"]
[EventDate "2017.01.11"]

1. d4 Nf6 2. Nf3 c5 3. c3 cxd4 4. cxd4 g6 5. Nc3 Bg7 6. e4 O-O 7. Be2 d6 8. O-O
Nc6 9. h3 Nd7 10. Bg5 h6 11. Be3 a6 12. Qd2 Kh7 13. Rac1 Qa5 14. a3 Rb8 15. b4
Qd8 16. d5 Nce5 17. Ba7 Nxf3+ 18. Bxf3 Ra8 19. Bd4 Bxd4 20. Qxd4 Qb6 21. Qxb6
Nxb6 22. Ne2 Bd7 23. Rc7 Rab8 24. Rfc1 Rfc8 25. Nd4 Na8 26. Rxc8 Rxc8 27. Rxc8
Bxc8 28. Bd1 Kg7 29. f4 Kf6 30. h4 e5 31. dxe6 fxe6 32. g4 Nc7 33. Kf2 Bd7 34.
a4 Na8 35. a5 Nc7 36. Ke3 Bb5 37. Bf3 e5 38. g5+ Kg7 39. Nxb5 Nxb5 40. f5 Nd4
41. f6+ Kf7 42. Bd1 hxg5 43. hxg5 Kf8 44. Kd3 Ne6 45. Bb3 Nc7 46. Kc4 Ke8 47.
Bd1 Ne6 48. Kd5 Nxg5 49. Kxd6 Nxe4+ 50. Kxe5 Nc3 51. Bb3 Kd7 52. Be6+ Kd8 53.
Bf7 g5 54. Kf5 Kc7 55. Bc4 Kd7 56. Kg6 g4 57. f7 g3 58. f8=Q g2 59. Qf2 1-0

[Event "PRO League Pacific 2017"]
[Site "chess.com INT"]
[Date "2017.02.01"]
[Round "4"]
[White "Margvelashvili, Giorgi"]
[Black "Zierk, Steven C"]
[Result "0-1"]
[WhiteTitle "GM"]
[BlackTitle "IM"]
[WhiteElo "2530"]
[BlackElo "2493"]
[WhiteTeam "Seattle Sluggers"]
[BlackTeam "San Francisco Mechanics"]
[WhiteFideId "13602926"]
[BlackFideId "2034255"]
[EventDate "2017.01.11"]

1. Nf3 c5 2. c4 Nc6 3. Nc3 g6 4. g3 Bg7 5. Bg2 Nf6 6. O-O O-O 7. d4 cxd4 8. Nxd4
Nxd4 9. Qxd4 d6 10. Bg5 Be6 11. Qh4 Qb6 12. b3 Ng4 13. Rac1 Nf6 14. Be3 Qc7 15.
Nb5 Qd7 16. Bxa7 Ng4 17. Bd4 Rxa2 18. Bxg7 Kxg7 19. Nd4 Nf6 20. e3 b6 21. Nxe6+
fxe6 22. Qd4 Rb8 23. Ra1 Qa7 24. f4 Qa3 25. Qc3 b5 26. c5 Rxa1 27. Rxa1 Qxc5 28.
Qxc5 dxc5 29. Ra7 Kf7 30. Rc7 c4 31. bxc4 bxc4 32. Rxc4 Rb1+ 33. Bf1 Ng4 34. Rc3
Re1 35. e4 e5 36. h3 Ne3 37. Kf2 Rxf1+ 38. Kxe3 exf4+ 39. gxf4 h5 40. Ra3 h4 41.
Rb3 Rh1 42. Kf2 Rh2+ 43. Kg1 Re2 44. e5 Ke6 45. Kf1 Re4 46. Rb6+ Kf5 47. Rb7
Rxf4+ 48. Kg2 e6 49. Rb5 Re4 50. Kf3 g5 51. Rb8 Rf4+ 52. Ke3 Kxe5 53. Rg8 Rf5
54. Rd8 Kf6 55. Rf8+ Kg7 56. Re8 Kf7 57. Rb8 Ra5 58. Kf3 Kf6 59. Rb3 Ra4 60. Rc3
Kf5 61. Rb3 e5 62. Rc3 g4+ 63. hxg4+ Rxg4 64. Rc8 e4+ 65. Ke3 Rg3+ 66. Kf2 Rf3+
67. Ke2 h3 68. Rf8+ Kg4 69. Rg8+ Kf4 70. Rf8+ Kg3 71. Rg8+ Kh2 72. Rg4 Rg3 73.
Rxe4 Kg2 0-1

[Event "PRO League Pacific 2017"]
[Site "chess.com INT"]
[Date "2017.02.01"]
[Round "4"]
[White "Brown, Michael William"]
[Black "Aleskerov, Faik"]
[Result "1/2-1/2"]
[WhiteTitle "IM"]
[WhiteElo "2452"]
[BlackElo "2315"]
[WhiteTeam "San Diego Surfers"]
[BlackTeam "San Jose Hackers"]
[WhiteFideId "2037602"]
[BlackFideId "13401262"]
[EventDate "2017.01.11"]

1. d4 Nf6 2. c4 e6 3. Nc3 d5 4. cxd5 exd5 5. Bg5 Be7 6. e3 O-O 7. Bd3 h6 8. Bh4
c6 9. Qc2 Re8 10. Nf3 Nbd7 11. O-O Ne4 12. Bxe7 Qxe7 13. Bxe4 dxe4 14. Nd2 f5
15. Nc4 Nf6 16. Rab1 Be6 17. Ne5 c5 18. Rfd1 Rac8 19. Qa4 a6 20. h3 Kh7 21. Rbc1
Red8 22. Ne2 Nd7 23. Nxd7 Bxd7 24. Qa3 Bb5 25. Ng3 Qf8 26. dxc5 Rxd1+ 27. Rxd1
Qxc5 28. Qxc5 Rxc5 29. Rd2 Bd3 30. f3 b5 31. a3 g5 32. Kf2 Kg6 33. fxe4 fxe4 34.
Ne2 h5 35. Nd4 h4 36. Rd1 Kh5 37. Kg1 g4 38. Ne6 Rc2 39. Nf4+ Kg5 40. hxg4 Kxg4
41. Nxd3 exd3 42. Rxd3 Rxb2 43. Kh2 a5 44. a4 Kf5 45. Rd5+ Ke6 46. Rxb5 Rxb5 47.
axb5 a4 48. b6 Kd7 49. e4 a3 50. e5 a2 51. e6+ Kxe6 52. b7 a1=Q 53. b8=Q Qd4 54.
Qg8+ Kf5 55. Qh7+ Kg5 56. Qg8+ Kh5 57. Qf7+ Kg5 58. Qe7+ Kh5 59. Qe8+ Kg5 60.
Qe7+ Kh5 61. Qe8+ Kg5 62. Qe7+ Kh5 63. Qe8+ 1/2-1/2

[Event "PRO League Pacific 2017"]
[Site "chess.com INT"]
[Date "2017.02.01"]
[Round "4"]
[White "Brown, Michael William"]
[Black "Izoria, Zviad"]
[Result "0-1"]
[WhiteTitle "IM"]
[BlackTitle "GM"]
[WhiteElo "2452"]
[BlackElo "2604"]
[WhiteTeam "San Diego Surfers"]
[BlackTeam "San Jose Hackers"]
[WhiteFideId "2037602"]
[BlackFideId "13601733"]
[EventDate "2017.01.11"]

1. d4 Nf6 2. c4 e6 3. Nc3 Bb4 4. e3 O-O 5. Bd3 d5 6. Nf3 c5 7. O-O cxd4 8. exd4
dxc4 9. Bxc4 Nbd7 10. Bg5 Bxc3 11. bxc3 Qc7 12. Qe2 b6 13. Rac1 Bb7 14. Bd3 Ng4
15. Be4 Bxe4 16. Qxe4 Ngf6 17. Qe2 Rac8 18. c4 Qb7 19. Rfe1 h6 20. Bh4 Qa6 21.
Ne5 Nxe5 22. dxe5 Nd7 23. Red1 Rc7 24. Rd4 Rfc8 25. h3 Nf8 26. Bd8 Rd7 27. Rxd7
Nxd7 28. Be7 Qa4 29. Rc3 Qa5 30. Re3 Qa4 31. Rc3 Qc6 32. Bd6 Nc5 33. f3 Nb7 34.
Bb4 Nc5 35. Qe3 Qd7 36. Kh2 Qc7 37. Rc1 Rd8 38. Bxc5 bxc5 39. Rc3 Rd4 40. f4 Qd7
41. Qf3 g6 42. Qa8+ Kg7 43. Qf3 Qa4 44. Ra3 Qxc4 45. Rxa7 Rxf4 46. Qe3 Qd4 47.
Qxd4 Rxd4 48. Kg3 Re4 49. a4 Rxe5 50. Kf3 g5 51. Rc7 Kf6 52. a5 c4 53. a6 Ra5
54. a7 Ra3+ 55. Ke4 c3 56. Kd3 h5 57. g3 Kg6 58. Kc2 f5 59. Re7 Kf6 60. Rh7 h4
61. gxh4 gxh4 62. Kd3 Ke5 63. Rxh4 Rxa7 64. Kxc3 Rd7 65. Rh8 Kf4 66. h4 e5 67.
h5 e4 68. h6 e3 69. Re8 Kf3 0-1

[Event "PRO League Pacific 2017"]
[Site "chess.com INT"]
[Date "2017.02.01"]
[Round "4"]
[White "He, Daniel Ming"]
[Black "Zierk, Steven C"]
[Result "1/2-1/2"]
[BlackTitle "IM"]
[WhiteElo "2178"]
[BlackElo "2493"]
[WhiteTeam "Seattle Sluggers"]
[BlackTeam "San Francisco Mechanics"]
[WhiteFideId "2084570"]
[BlackFideId "2034255"]
[EventDate "2017.01.11"]

1. e4 c5 2. Nf3 d6 3. d4 cxd4 4. Qxd4 Nc6 5. Bb5 Bd7 6. Bxc6 Bxc6 7. Bg5 Nf6 8.
Nc3 e6 9. O-O-O Be7 10. Qd3 O-O 11. Kb1 Qa5 12. h4 Rfd8 13. Nd4 Rac8 14. f4 Qc7
15. f5 Qd7 16. Bxf6 Bxf6 17. g4 b5 18. fxe6 fxe6 19. Ndxb5 Bxb5 20. Nxb5 Bxb2
21. Kxb2 Rb8 22. a4 a6 23. c4 axb5 24. axb5 Qb7 25. Rhf1 d5 26. exd5 exd5 27.
Rf5 d4 28. Qf3 Qe7 29. Rd5 Rf8 30. Rf5 Rfd8 31. Rd5 Rf8 32. Rf5 Rfd8 33. Rd5 1/2-1/2

[Event "PRO League Pacific 2017"]
[Site "chess.com INT"]
[Date "2017.02.01"]
[Round "4"]
[White "Hua, David A"]
[Black "Leon Hoyos, Manuel"]
[Result "1-0"]
[BlackTitle "GM"]
[WhiteElo "2285"]
[BlackElo "2475"]
[WhiteTeam "Pittsburgh Pawngrabbers"]
[BlackTeam "Webster Windmills"]
[WhiteFideId "2030047"]
[BlackFideId "5105269"]
[EventDate "2017.01.11"]

1. d4 Nf6 2. Nf3 g6 3. c4 c5 4. g3 cxd4 5. Nxd4 Nc6 6. Bg2 Bg7 7. Nc3 O-O 8. O-O
Nxd4 9. Qxd4 d6 10. Qh4 Be6 11. Bg5 Qa5 12. Rac1 Rac8 13. b3 Rc5 14. Bd2 Rh5 15.
Qf4 Bh6 16. Qd4 Bxd2 17. Qxd2 Bh3 18. Bxh3 Rxh3 19. f3 Rh5 20. Rfd1 Rc5 21. Kg2
Rfc8 22. Rb1 R5c6 23. Nd5 Qxd2 24. Nxf6+ Kg7 25. Nh5+ Kh6 26. Rxd2 Kxh5 27. Rd5+
Kh6 28. Rbd1 Kg7 29. g4 Rc5 30. h4 a6 31. a4 Kf6 32. Kg3 Ke6 33. e4 Rxd5 34.
Rxd5 Rc6 35. a5 b6 36. Kf4 h6 37. Ke3 bxa5 38. Rxa5 Rb6 39. Ra3 g5 40. h5 Kd7
41. Kd4 Kc7 42. Kc3 Rc6 43. Ra5 e6 44. b4 Kb7 45. Kd4 Rc8 46. Ra1 Kb6 47. Rc1 a5
48. bxa5+ Kxa5 49. c5 Rc6 50. Ra1+ Kb5 51. Rb1+ Ka6 52. cxd6 Rxd6+ 53. Ke5 Rd3
54. Rf1 Kb5 55. Kf6 Rd7 56. Kg7 f5+ 57. Kxh6 fxe4 58. fxe4 Rd4 59. Kxg5 Rxe4 60.
h6 Re2 61. Rh1 Re5+ 62. Kf6 Re4 63. h7 Rf4+ 64. Ke7 Rxg4 65. h8=Q 1-0

[Event "PRO League Pacific 2017"]
[Site "chess.com INT"]
[Date "2017.02.01"]
[Round "4"]
[White "Tang, Andrew"]
[Black "Holt, Conrad"]
[Result "1-0"]
[WhiteTitle "IM"]
[BlackTitle "GM"]
[WhiteElo "2466"]
[BlackElo "2567"]
[WhiteTeam "Minnesota Blizzard"]
[BlackTeam "Dallas Destiny"]
[WhiteFideId "2059630"]
[BlackFideId "2034387"]
[EventDate "2017.01.11"]

1. d4 d5 2. Bf4 c5 3. e3 Nc6 4. Nf3 Nf6 5. Nbd2 cxd4 6. exd4 Bg4 7. c3 e6 8. Qb3
Qc8 9. h3 Bh5 10. g4 Bg6 11. Nh4 Be7 12. Nxg6 hxg6 13. Be2 Bd8 14. Be3 Bb6 15.
h4 Qc7 16. g5 Nh5 17. Nf3 O-O-O 18. O-O-O e5 19. Bb5 exd4 20. Nxd4 Nxd4 21. Bxd4
Bxd4 22. Rxd4 Nf4 23. Kb1 a6 24. Bd3 Ne6 25. Rb4 Nxg5 26. c4 Ne4 27. Qc2 Kb8 28.
Rc1 Nd6 29. c5 Nc4 30. Bxc4 dxc4 31. Qxc4 Ka7 32. a3 Rh5 33. c6 b6 34. Qb3 Rf5
35. a4 Rd2 36. Qe3 Rd6 37. Re4 Re6 38. Rxe6 fxe6 39. Qxe6 Rxf2 40. Qxg6 Rf6 41.
Qe4 a5 42. h5 Rf4 43. Qe6 Rf6 44. Qd5 Rf4 45. Rc4 Rf1+ 46. Ka2 Rf6 47. Qe4 Rf7
48. Qe6 Rf6 49. Qe8 Rd6 50. Qe5 Kb8 51. Qb5 Ka7 52. Rc3 Qf7+ 53. Ka3 Qc7 54. Qc4
Rf6 55. Ka2 Rf4 56. Qb3 Rb4 57. Qa3 Kb8 58. Rc1 Qf7+ 59. Kb1 Qc7 60. Qe3 Rf4 61.
Qe8+ Ka7 62. Rd1 Rf7 63. Qxf7 Qxf7 64. Rd7+ 1-0

[Event "PRO League Pacific 2017"]
[Site "chess.com INT"]
[Date "2017.02.01"]
[Round "4"]
[White "Tang, Andrew"]
[Black "Li, Ruifeng"]
[Result "1/2-1/2"]
[WhiteTitle "IM"]
[BlackTitle "IM"]
[WhiteElo "2466"]
[BlackElo "2564"]
[WhiteTeam "Minnesota Blizzard"]
[BlackTeam "Dallas Destiny"]
[WhiteFideId "2059630"]
[BlackFideId "2061074"]
[EventDate "2017.01.11"]

1. d4 d5 2. Bf4 Nf6 3. e3 c5 4. Nf3 Nc6 5. Nbd2 cxd4 6. exd4 Bf5 7. c3 e6 8. Qb3
Bd6 9. Bxd6 Qxd6 10. Qxb7 O-O 11. Bb5 Ne7 12. Qa6 Qc7 13. Bd3 Rfb8 14. Bxf5 Nxf5
15. Rb1 Rb6 16. Qe2 Rab8 17. Nb3 Ne4 18. O-O a5 19. Nxa5 Qa7 20. Nc4 Nxc3 21.
Qc2 Nxb1 22. Nxb6 Na3 23. bxa3 Qxb6 24. Rd1 g6 25. h3 Ra8 26. Rd3 Kg7 27. Qd2
Rc8 28. Rb3 Qc6 29. Kh2 Qc7+ 30. g3 Qc2 31. Qxc2 Rxc2 32. Kg1 Rxa2 33. Ne5 Nxd4
34. Rb7 Rxa3 35. Nxf7 Kg8 36. Nh6+ Kf8 37. Rxh7 Nf3+ 38. Kg2 Ng5 39. Rd7 Ne4 40.
Ng4 Ra2 41. Kf3 g5 42. Ke3 Ke8 43. Rb7 Nd6 44. Rh7 Nf5+ 45. Kd3 Ra3+ 46. Ke2 d4
47. Nf6+ Kd8 48. Ne4 Ra2+ 49. Kd3 Ra3+ 50. Ke2 Ra2+ 51. Kd3 Ra3+ 52. Kc2 Ra2+
53. Kd3 Ra3+ 54. Kc4 d3 55. Rb7 Ra4+ 56. Kxd3 Rxe4 57. Kxe4 Nd6+ 58. Ke5 Nxb7
59. Kxe6 Nc5+ 60. Kf5 Nd3 61. f3 Ne1 62. Kxg5 Nxf3+ 63. Kf4 Nd4 64. Ke5 Nf3+ 65.
Kf6 Ke8 66. h4 Kf8 67. h5 Kg8 68. g4 Kh7 69. g5 Nxg5 70. Kxg5 Kg7 71. h6+ 1/2-1/2

[Event "PRO League Pacific 2017"]
[Site "chess.com INT"]
[Date "2017.02.01"]
[Round "4"]
[White "Li, Ruifeng"]
[Black "Mattson, Dane M"]
[Result "1-0"]
[WhiteTitle "IM"]
[WhiteElo "2564"]
[BlackElo "2066"]
[WhiteTeam "Dallas Destiny"]
[BlackTeam "Minnesota Blizzard"]
[WhiteFideId "2061074"]
[BlackFideId "2032228"]
[EventDate "2017.01.11"]

1. e4 e6 2. d4 d5 3. Nc3 Nf6 4. e5 Nfd7 5. f4 c5 6. Nf3 Nc6 7. Be3 cxd4 8. Nxd4
Bc5 9. Qd2 Nxd4 10. Bxd4 Bxd4 11. Qxd4 Qb6 12. Qd2 f6 13. exf6 Nxf6 14. O-O-O
Bd7 15. Be2 O-O-O 16. Bf3 Kb8 17. Qd4 Qc7 18. Rhe1 Rhf8 19. g3 Ka8 20. Kb1 Rc8
21. Qb4 Qc5 22. Qxc5 Rxc5 23. Ne2 Rc6 24. Nd4 Rb6 25. Rd2 Ne8 26. Rde2 Nc7 27.
h4 a6 28. Re5 Rf6 29. h5 Ka7 30. Be2 Nb5 31. Bxb5 axb5 32. a3 Rd6 33. c3 Kb6 34.
Kc2 Ka6 35. Kd2 Kb6 36. R1e3 Bc8 37. Ke2 Bd7 38. Kf3 Ka6 39. g4 h6 40. Kg3 Kb6
41. Re1 Kc5 42. g5 hxg5 43. fxg5 Rf8 44. Rxe6 Rxe6 45. Nxe6+ Bxe6 46. Rxe6 Rf7
47. g6 Rd7 48. Kg4 Kc4 49. Kg5 Kb3 50. Re2 d4 51. cxd4 Rxd4 52. Kf5 Rd5+ 53. Re5
Rd7 54. Rxb5+ Kc4 55. Rb4+ Kc5 56. Re4 Kd5 57. Re8 Kd6 58. h6 gxh6 59. Kf6 Kc6
60. g7 Rd6+ 61. Ke5 1-0

[Event "PRO League Pacific 2017"]
[Site "chess.com INT"]
[Date "2017.02.01"]
[Round "4"]
[White "Zierk, Steven C"]
[Black "Sargissian, Gabriel"]
[Result "1/2-1/2"]
[WhiteTitle "IM"]
[BlackTitle "GM"]
[WhiteElo "2493"]
[BlackElo "2667"]
[WhiteTeam "San Francisco Mechanics"]
[BlackTeam "Seattle Sluggers"]
[WhiteFideId "2034255"]
[BlackFideId "13300881"]
[EventDate "2017.01.11"]

1. e4 c6 2. d4 d5 3. Nc3 dxe4 4. Nxe4 Bf5 5. Ng3 Bg6 6. Nf3 e6 7. h4 h6 8. Ne5
Bh7 9. Bc4 Nd7 10. Qe2 Nxe5 11. dxe5 Ne7 12. Bd2 Bxc2 13. O-O Nd5 14. h5 Bh7 15.
Bxd5 Qxd5 16. Rfd1 Bc2 17. Re1 Qd3 18. Rac1 Be7 19. Be3 Qxe2 20. Rxe2 Bh7 21.
Rd2 Rd8 22. Rxd8+ Kxd8 23. Bxa7 Kc7 24. Be3 Rd8 25. Ne2 b6 26. Nd4 Be4 27. Nb5+
Kb7 28. Nc3 Bd5 29. f3 c5 30. Kf2 Kc6 31. b3 f6 32. exf6 Bxf6 33. b4 cxb4 34.
Nxd5+ Kxd5 35. Bxb6 Ra8 36. Rc5+ Kd6 37. Ra5 Rxa5 38. Bxa5 Kc5 39. Ke3 Kc4 40.
Bc7 Kd5 41. Kd3 Be7 42. g4 e5 43. Bb6 Bf8 44. Be3 Be7 45. Bd2 Bd6 46. g5 hxg5
47. Bxg5 Bf8 48. Be3 Be7 49. Bd2 Bd6 50. Bg5 1/2-1/2

[Event "PRO League Pacific 2017"]
[Site "chess.com INT"]
[Date "2017.02.01"]
[Round "4"]
[White "Erenburg, Sergey"]
[Black "Troff, Kayden W"]
[Result "1-0"]
[WhiteTitle "GM"]
[BlackTitle "GM"]
[WhiteElo "2570"]
[BlackElo "2511"]
[WhiteTeam "Philadelphia Inventors"]
[BlackTeam "Las Vegas Desert Rats"]
[WhiteFideId "2805642"]
[BlackFideId "2047896"]
[EventDate "2017.01.11"]

1. e4 c5 2. Nf3 d6 3. Bb5+ Nd7 4. c3 a6 5. Ba4 g6 6. O-O Nf6 7. Re1 Bg7 8. d4
cxd4 9. cxd4 O-O 10. h3 b5 11. Bb3 Bb7 12. e5 Nd5 13. e6 fxe6 14. Ng5 Qb6 15.
Nxe6 Rf7 16. Nc3 Nxc3 17. bxc3 d5 18. Ng5 Rf6 19. Rxe7 Qd6 20. Ba3 Qxa3 21. Rxd7
Bc6 22. Rxd5 Kh8 23. Rc5 Be8 24. Qe2 h6 25. Ne6 Bf7 26. Nxg7 Kxg7 27. Rc7 Rf8
28. Qe5 Qb2 29. Rf1 Qd2 30. f4 a5 31. Bxf7 Rxf7 32. Rxf7+ Kxf7 33. Re1 Qxf4 34.
Qe8+ Kg7 35. Re7+ Rf7 36. Rxf7+ Qxf7 37. Qxf7+ Kxf7 38. Kf2 Ke6 39. Ke3 Kd5 40.
Kd3 g5 41. g4 Ke6 42. Ke4 Kd6 43. d5 a4 44. a3 Kc5 45. Ke5 Kc4 46. d6 Kxc3 47.
d7 b4 48. axb4 Kxb4 49. d8=Q a3 50. Qd4+ Kb3 51. Ke4 Ka2 52. Kd3 Kb1 53. Qb4+ 1-0

[Event "PRO League Pacific 2017"]
[Site "chess.com INT"]
[Date "2017.02.01"]
[Round "4"]
[White "Hilby, Craig"]
[Black "Izoria, Zviad"]
[Result "1/2-1/2"]
[WhiteTitle "FM"]
[BlackTitle "GM"]
[WhiteElo "2334"]
[BlackElo "2604"]
[WhiteTeam "San Diego Surfers"]
[BlackTeam "San Jose Hackers"]
[WhiteFideId "2062674"]
[BlackFideId "13601733"]
[EventDate "2017.01.11"]

1. e4 c5 2. Nf3 a6 3. c4 e6 4. d4 cxd4 5. Nxd4 Nf6 6. Nc3 Qc7 7. Be2 Bb4 8. O-O
Bxc3 9. bxc3 Nxe4 10. Bf3 Nc5 11. Nb3 O-O 12. Nxc5 Qxc5 13. Qa4 d5 14. Ba3 Qxc4
15. Qxc4 dxc4 16. Bxf8 Kxf8 17. Rab1 Ra7 18. a4 Bd7 19. Bxb7 Bxa4 20. Bd5 exd5
21. Rxb8+ Ke7 22. Re1+ Kd6 23. Rd8+ Bd7 24. f3 a5 25. Kf2 a4 26. Ra1 Kc5 27. Ke3
Bf5 28. g4 Bc2 29. Rc8+ Kb6 30. Rb8+ Kc6 31. Kd4 a3 32. Rc8+ Kd7 33. Rc5 Bb3 34.
Rxd5+ Kc6 35. Rc5+ Kb6 36. Rd5 a2 37. Ke3 Kc6 38. Re5 f6 39. Rf5 Re7+ 40. Kf2
Rd7 41. Ra5 Rd2+ 42. Kg3 Kb6 43. Ra3 g5 44. h4 h6 45. hxg5 hxg5 46. Re1 Rd3 47.
Ra1 Kb5 48. Kf2 Rxc3 49. R1xa2 Kb4 50. Ra1 Rc2+ 51. Ke3 Rc3+ 52. Kf2 Rd3 53. Ra8
Rd6 54. Rb8+ Kc3 55. Rba8 Bc2 56. R1a6 Rd2+ 57. Kg3 f5 58. gxf5 Bxf5 59. Ra5 Bd3
60. Rxg5 Rd1 61. Rc5 Kd4 62. Rc7 Ke3 63. Re8+ Kd2 64. Rec8 Kc3 65. f4 Rf1 66.
Kg4 Kd4 67. Rd7+ Ke3 68. Re7+ Kd2 69. Rec7 Rg1+ 70. Kf3 Rf1+ 71. Kg4 Be2+ 72.
Kg5 Kc3 73. f5 Rg1+ 74. Kf6 Bd3 75. Rc5 Kd4 76. Ke6 Re1+ 77. Kd7 c3 78. Rxc3
Bxf5+ 79. Kd8 Bxc8 80. Rxc8 Re5 81. Rc7 Rd5+ 82. Rd7 Rxd7+ 83. Kxd7 1/2-1/2